000 01039nam a22003497a 4500
003 DO-SdBPM
005 20250728092735.0
007 ta
008 0607211980 mx 1 spa
017 _a
_b
035 _a
040 _aDO-SdBPM
_bspa
_cBPMSU
_erda
082 4 _a658.3
_bG318a 1980
_222
100 1 _a Gellerman, Saul W.
_eautor
245 1 3 _aLa administración de las relaciones humanas /
_cSaul W. Gellerman
_h
260 _e
_f
264 _aMéxico :
_b Compañía Editorial Continental,
_c1980
300 _a1980 páginas ;
_c24 cm.
336 _atexto
_btxt
_2rdacontent
337 _asin mediación
_bn
_2rdamedia
338 _avolumen
_bnc
_2rdacarrier
490 0 _aAdministración básica
500 _a
500 _a
590 _aInventariado, 2025/VM
650 7 _aAdministración de personal
_2
650 7 _aPlanificación de recursos humanos
_2
650 7 _aRelaciones industriales
910 _aVMateo V. Control de calidad. BPMSU
942 _2ddc
_cBK
980 _a
_a
_b
_j
_c
999 _c15275
_d15275